U.S. History True or False #2 - Statistics

General Stats
  • This quiz has been taken 23,545 times
  • The average score is 11 of 15
Answer Stats
Question Answer % Correct
The U.S. purchased Alaska from Russia True
94%
There was a large migration of African-Americans from south to north during the 20th century True
85%
Kamala Harris is the first woman to serve as Vice President True
83%
There was a U.S. President named Quincy Jones False
82%
There is an amendment to the Constitution which repeals a different amendment True
82%
The United States has invaded what is today Canadian territory True
81%
Abraham Lincoln personally killed three Confederate soldiers with a cannon during the Civil War False
80%
Abraham Lincoln grew up in a log cabin True
78%
Cubism was an art form that was first developed in the United States False
72%
Some people signed the Declaration of Independence using their own blood as ink False
70%
Butch Cassidy and the Sundance Kid existed in real life True
70%
The Woodstock music festival took place in California False
69%
Richard Nixon was the first President to be impeached False
65%
From 1910–1950, the population of the U.S. decreased False
64%
As of 2023, the U.S. has more nuclear weapons than ever False
57%
No matching quizzes found
Score Distribution
Percent of People with Each Score
Percentile by Number Answered
Your Score History
You have not taken this quiz